Countries with Embassies and Consulates in Alexandria - Statistics

General Stats
  • This quiz has been taken 31 times
  • The average score is 11 of 12
Answer Stats
Continent Country % Correct
Europe France
100%
Asia/ Europe Russia
100%
Asia/ Europe Turkey
100%
Europe United Kingdom
100%
North America United States of America
100%
Asia China
96%
Africa Libya
92%
Europe Spain
92%
Asia Israel
88%
Europe Greece
83%
Asia Saudi Arabia
83%
Asia Lebanon
75%
No matching quizzes found
Score Distribution
Percent of People with Each Score
Percentile by Number Answered
Your Score History
You have not taken this quiz